LEADER 00946cam0-2200325---450- 001 990005869210403321 005 20130619110901.0 010 $a88-7828-105-0 035 $a000586921 035 $aFED01000586921 035 $a(Aleph)000586921FED01 035 $a000586921 100 $a20000421d1993----km-y0itay50------ba 101 0 $aita 102 $aIT 105 $a--------001ya 200 1 $aAutobiografia$fMonaldo Leopardi$gedizione critica a cura di Anna Leopardi di San Leopardo 210 $a[Ancona]$cTranseuropa$d1993 215 $aXX, 164 p.$d22 cm 676 $a858.7 700 1$aLeopardi,$bMonaldo$f<1776-1847> 702 1$aLeopardi Di San Leopardo,$bAnna 801 0$aIT$bUNINA$gRICA$2UNIMARC 901 $aBK 912 $a990005869210403321 952 $a858.7 LEOP 1(2)$bBibl.29482$fFLFBC 952 $a858.7 LEOP 1(2 BIS)$bDip.f.m.8065$fFLFBC 959 $aFLFBC 996 $aAutobiografia$9210079 997 $aUNINA LEADER 02112nam 2200421 450 001 9910160329303321 005 20210111162331.0 010 $a0-19-064039-1 010 $a0-19-064038-3 010 $a0-19-064037-5 035 $a(CKB)3710000001025589 035 $a(StDuBDS)EDZ0001711614 035 $a(MiAaPQ)EBC4806715 035 $a(EXLCZ)993710000001025589 100 $a20170718d2017 fy| 0 101 0 $aeng 135 $aur||||||||||| 181 $2rdacontent 182 $2rdamedia 183 $2rdacarrier 200 10$aColombian constitutional law $eleading cases /$fManuel Jose? Cepeda Espinosa, David Landau$b[electronic resource] 210 1$a[New York] :$cOxford University Press,$d[2017] 215 $a1 online resource 300 $aIncludes index. 311 $a0-19-064036-7 327 $aIntroduction to the Colombian constitution of 1991 and the Constitutional Court -- The role of the Constitutional Court -- Dignity and autonomy -- Equality -- Freedom of speech and freedom of religion -- Social rights -- The rights of victims and transitional justice -- The rights of indigenous peoples -- The President : problems of executive overreach -- The Congress : problems of abdication and deliberation -- Constitutional amendment and the substitution of the constitution doctrine. 330 8 $aThis text makes available the case law of the Colombian Constitutional Court in English, which has become one of the most creative and important courts of the global south and the world since its creation in 1991. It provides concise and carefully chosen extracts of the court's most important cases, along with notes and introductory materials to place them in a historical and comparative context. 606 $aConstitutional law$zColombia$xCases 615 0$aConstitutional law$xCases. 676 $a342.861 700 $aCepeda Espinosa$b Manuel Jose?$01244420 702 $aLandau$b David E. 801 0$bStDuBDS 801 1$bStDuBDS 906 $aBOOK 912 $a9910160329303321 996 $aColombian constitutional law$92886718 997 $aUNINA LEADER 01232nam 2200409 450 001 9910158898803321 005 20230808202826.0 010 $a1-78567-236-3 035 $a(CKB)3890000000007398 035 $a(MiAaPQ)EBC4515723 035 $a(MiAaPQ)EBC7410747 035 $a(Au-PeEL)EBL7410747 035 $a(EXLCZ)993890000000007398 100 $a20160725h20162016 uy 0 101 0 $aeng 135 $aurcnu|||||||| 181 $2rdacontent 182 $2rdamedia 183 $2rdacarrier 200 00$aA Joosr Guide to... Black box thinking by matthew syed $ewhy most people never learn from their mistakesbut some do /$fcover design by Andrew Ward, Camilla Lovell 210 1$aClitheroe, [England] :$cJoosr,$d2016. 210 4$dİ2016 215 $a1 online resource (18 pages) 225 1 $aA Joosr Guide to 410 0$aJoosr guide to. 606 $aFailure (Psychology) 615 0$aFailure (Psychology) 676 $a155.24 702 $aWard$b Andrew 702 $aLovell$b Camilla 801 0$bMiAaPQ 801 1$bMiAaPQ 801 2$bMiAaPQ 906 $aBOOK 912 $a9910158898803321 996 $aA Joosr Guide to... Black box thinking by matthew syed$92889392 997 $aUNINA